Samuel's choice / (Registro nro. 10201)

Detalles MARC
000 -LIDER
fixed length control field 00624nam a22002177a 4500
001 - NÚMERO DE CONTROL
Identificador de número de control 00000022535
003 - IDENTIFICACDOR DE NÚMERO DE CONTROL
control field DO-SdBNP
005 - DATE AND TIME OF LATEST TRANSACTION
control field 20180223135926.0
008 - ELEMENTOS DE LONGITUD FIJA
fixed length control field 160523b 1990 xxu a 00| 0 spa d
020 ## - ISBN
International Standard Book Number 0590464566
040 ## - FUENTE DE CATALOGACIÓN
Agencia que crea de manera original el registro BPMSU
Idioma de catalogación spa
Agencia que realiza la transcripción BPMSU
082 #4 - NÚMERO DE CLASIFICACIÓN DECIMAL DE DEWEY
Classification number xxxx
Item number xxxx
100 1# - ASIENTO PRINCIPAL -- NOMBRE PERSONAL
Nombre personal Berleth, Richard
245 10 - MENCIÓN DE TITULO
Título Samuel's choice /
Mención de responsabilidad Richard Berleth ; illustrated by James Watling.
260 ## - PUBLICACIÓN, DISTRIBUCIÓN, ETC. (PIE DE IMPRENTA)
Lugar de publicación, distribución, etc New York :
Nombre del editor, distribuidor, etc. Scholastic,
Fecha de publicación, distribución, etc 1990.
300 ## - DESCRIPCIÓN FÍSICA
Extensión 38 p. :
Otros detalles físicos il. ;
Dimensiones 23 cm.
700 12 - ASIENTO SECUNDARIO -- NOMBRE PERSONAL
Nombre personal Watling, James,
Mención de responsabilidad il.
942 ## - ADDED ENTRY ELEMENTS (KOHA)
Source of classification or shelving scheme Dewey Decimal Classification
Koha item type Libros
945 ## - INFORMACIÓN DE PROCESAMIENTO LOCAL
Información de procesamiento local Inventariado, 2018 / BT
956 ## - LOCAL ELECTRONIC LOCATION AND ACCESS (OCLC)
Método de acceso LOPEREZ
Materiales especificados 10
Enlace 20160523
Campo enlazado y núm. de secuencia BPMSU
Nombre de host 00041
Existencias
Withdrawn status Lost status Source of classification or shelving scheme Damaged status Not for loan Collection code Home library Current library Date acquired Source of acquisition Total Checkouts Barcode Date last seen Price effective from Koha item type
    Dewey Decimal Classification     Colección Infantil General Biblioteca Pública Metropolitana Salomé Ureña Biblioteca Pública Metropolitana Salomé Ureña 05/23/2016 FUNDI   BPMSU16050427 05/23/2016 05/23/2016 Libros